000 00706nam a2200229Ia 4500
008 191130s2001##################000#0#eng##
020 _a9780521030991
040 _aACL
_cACL
082 _a332 CAP
245 _aFinancial liberalization: how far, how Fast?
_cCaprio Gerard Jr. (Editor), Patrick Honohan (Editor), Joseph E. Stiglitz
260 _aCambridge
_bCambridge University Press
_c2001
300 _aix, 308 p. 22 cm
500 _aIncludes indexes
650 _aFinance
650 _aFinance -- Management
700 _aGerard, Caprio
700 _aHonohan, Patrick
700 _aStiglitz, Joseph E
990 _a13f77f6aac10000c0d65d16a8fed1c27
991 _a141916
999 _c183679
_d183679